Business and commerce : workshop
| Main Author: | Wood, Neil |
|---|---|
| Published: |
New York:
Oxford University,
2003.
|
| Subjects: |
| LEADER | 00535cam a2200181 7i4500 | ||
|---|---|---|---|
| 001 | 0000008301 | ||
| 005 | 20170218090000.0 | ||
| 020 | |a 0194388255 (pbk.) | ||
| 020 | |a 780194388252 | ||
| 090 | 0 | 0 | |a HF1106 |b .W54 2003 |
| 100 | 1 | |a Wood, Neil | |
| 245 | 1 | 0 | |a Business and commerce : |b workshop |c Neil Wood. |
| 260 | |a New York: |b Oxford University, |c 2003. | ||
| 300 | |a 40 p.: |b ill.; |c 29 cm. | ||
| 650 | 0 | 0 | |a Commerce |
| 650 | 0 | 0 | |a Business |
| 997 | |a Business & Accountancy, Faculty | ||
| 999 | |a 0000011410 |b BOK |c OPEN SHELF |e 1st Floor, Bestari Jaya | ||


